Quizzes
Events
Quiz Creation
Community
Videos
Private Events
Remove Ads
Sign In
Join for FREE
Feedback
Dark Mode
Quiz Categories
Sports
Geography
Music
Movies
Television
Just For Fun
Miscellaneous
History
Literature
Language
Science
Gaming
Entertainment
Religion
Holiday
For Kids
Quiz Lab
Recent
Popular Today
Quiz Kudos Today
Editor Picks
Curator Picks
Quizzes by...
Day
Popularity
Type
Ratings
Length
Year
Community
Subscriptions
Recent Discussions
Orange Saloon
Badges
Playlists
Quests
Create
Leaderboards
Showdown
Live 5
Trivia Bingo
Activity
Puzzle Library
Sporcle Events
Private Events
Virtual Trivia
Globe League
Become a Host
Pub Owners
SporcleCon
Opinionation
Our Games
Videos
Blog
Mobile Apps
Partnerships
Remove Ads and Go Orange
Feedback
Sports
Athletes
MLB
NBA
NHL
NFL
Soccer
Sports Teams
WWE
NCAA
Football
Premier League
Basketball
Baseball
Hockey
Golf
Tennis
Cricket
Rugby
Auto Racing
Olympics
World Cup
Sports
Athletes
MLB
NBA
NHL
NFL
Soccer
Sports Teams
WWE
NCAA
Football
Premier League
Basketball
Baseball
Hockey
Golf
Tennis
Cricket
Rugby
Auto Racing
Olympics
World Cup
Random Quiz
Search Sporcle
×
Quiz Lab
Quiz Lab
Sports
Country
Type in answers that appear in a list
Type in answers that appear in a list
Classic
Best Score? Go Orange.
Southampton Roster 2019-20 Stats
Can you name the Southampton Roster 2019-20?
By
zjzjzjz
10m
34 Questions
269 Plays
269 Plays
269 Plays
Comments
Comments
Give Quiz Kudos
Give Quiz Kudos
-
- Ratings
hide this ad
Replay
Link that replays current quiz
Next Quiz
Link to next quiz in quiz playlist
You Got
0%
They Got
Avg Score
65%
Avg Friend Score
Upgrade to see
Score Distribution
Jump to the score distribution portion of the page
Score
0/34
Timer
10:00
0
Plays Today
Number
Player
% Correct
4
Jannik Vestergaard
98.6%
9
Danny Ings
97.3%
3
Maya Yoshida
96.7%
1
Alex McCarthy
95.9%
7
Shane Long
95.2%
2
Cedric Soares
92.9%
16
James Ward-Prowse
91.4%
10
Che Adams
89.2%
14
Oriol Romeu
86.2%
20
Michael Obafemi
85.1%
18
Mario Lemina
84.2%
11
Mohamed Elyounoussi
83.6%
12
Moussa Djenepo
81.4%
17
Stuart Armstrong
80.7%
23
Pierre-Emile Hojbjerg
80.3%
21
Ryan Bertrand
79.9%
5
Jack Stephens
79.6%
Number
Player
% Correct
44
Fraser Forster
76.3%
6
Wesley Hoedt
74.6%
19
Sofiane Boufal
72.6%
22
Nathan Redmond
70.6%
25
Guido Carrillo
65.1%
35
Jan Bednarek
64.9%
38
Kevin Danso
63.2%
28
Angus Gunn
62.8%
43
Yan Valery
53.5%
31
Kayne Ramsay
52.4%
29
Jake Vokins
48.1%
42
Jake Hesketh
46.2%
30
Callum Slattery
36.8%
45
Sam McQueen
34.6%
27
Will Smallbone
32.7%
41
Harry Lewis
24.7%
40
Dan N'Lundulu
13.5%
Quiz Playlist
Details
Report
Send in Message
Add To Playlist
Classic:
Type in answers that appear in a list
Quiz Source
Last Updated: Aug 10, 2019
Quiz Scoreboard
CHALLENGE
Sign Up to Join the Scoreboard
Show All
Scores
Hide
Comments
May contain spoilers
Recently Published
Billboard Blitz: Fleetwood Mac
by CooCooCachoo
Music
15s
Presidents Visiting Landmarks
by Hejman
History
7m
An Introduction to Baseball
by treessimontrees
Sports
5m
More to Explore
Quiz From the Vault
Featured Blog Post
Where Did the Easter Bunny Come From?
hide this ad
You Might Also Like...
Tags
Country Quiz
home
Player
Roster
Southampton
Today's Top Quizzes in Sports
Browse Sports
hide this ad
Today's Top Quizzes in Country
Browse Country
Top Contributed Quizzes in Sports
1
Les meilleurs buteurs des matchs entre le PSG et l’OM
2
2022 World Cup Stars
3
FIFA Club World Cup Champions
4
Les entraîneurs de l'OM et du PSG au 21e siècle
5
Criteria MLB: Left Handed Sluggers
6
Name the Premier League winners with different clubs
7
5-to-1: UK Sports Teams
8
AFC Teams Reveal (Wrong Answers Minefield)
9
Players with Multiple 50 Home Run Seasons
10
5-to-1: FBS Animal Nicknames
Explore More
Trending Topics
Kpop
NBA
Disney
Anime
Crossword
Marvel
Harry Potter
Puzzle
The Office
NFL
Country
Song
WWE
Soccer
Pokémon
hide this ad
More By:
zjzjzjz
Quiz
Plays
Rating
Category
Featured
Created
Leicester City Roster 2019-20
1,518
3.57
Sports
Apr 25, 2016
Arsenal Roster 2019-20
884
3.83
Sports
Apr 25, 2016
Tottenham Hotspur Roster 2019-20
879
5.00
Sports
May 1, 2016
Manchester United Roster 2019-20
710
4.50
Sports
Apr 26, 2016
Manchester City Roster 2019-20
662
3.00
Sports
Apr 26, 2016
Go to Creator's Profile
Score Distribution
Quiz Creator Spotlight
zjzjzjz
Follow
Send a Message
Quizzes Created
-
Created Quiz Play Count
-
More By This Creator
Popular Quizzes Today
1
Find the US States - No Outlines Minefield
2
Find the Countries of Europe - No Outlines Minefield
3
The Countries of the World
4
Find the US States
5
US States
6
Popular People in 1961
7
Risky Map Clicking: Biggest States A-Z
8
Movies - When Are They Set?
More Sports Quizzes
New York College Hoops Conferences
Curator's Pick
Trending Quizzes
Risky Map Clicking: Least Populous States A-Z
1-10 Letter G Words
1-10 Letter F Words
Risky Map Clicking: Next State Alphabetically
Risky Map Clicking: Biggest States A-Z
Recently Updated
Leaping Animals
pecheneg
Reality TV Shows (A-Z)
bhenderson79
Rickey Henderson's Hall of Fame Teammates
pecheneg
Champions League XIs: Arsenal
pecheneg
Quick Pick: Celebrities in WWE's Hall of Fame
aduchscher
A-Z Keypad Blitz II
pecheneg
Multiple Oscar Actors
pecheneg
Mystery Phrase Blitz: Oscar 'Best Actors'
pecheneg
F. Scott Fitzgerald Novels
LTH
Pick 3 Villains
ddd62291
Trending Topics
Marvel
NBA
Crossword
Harry Potter
Anime
Disney
Kpop
Soccer
Song
NFL
The Office
Puzzle
WWE
Pokémon
Country
Your Account Isn't Verified!
In order to create a playlist on Sporcle, you need to verify the email address you used during registration. Go to your
Sporcle Settings
to finish the process.
Report this User
Report this user for behavior that violates our
Community Guidelines
.
Details:
Send Report
Go to the Sporcle.com Mobile Site →
Comments